| 000 | 00776nam a22002177a 4500 | ||
|---|---|---|---|
| 999 |
_c20079 _d20079 |
||
| 003 | AR-CdUCM | ||
| 008 | 190411b ||||| |||| 00| 0 spa d | ||
| 040 |
_aMUNICIPALIDAD PROVINCIAL DEL CUSCO _cBIBLIOTECA MUNICIPAL DEL CUSCO |
||
| 082 |
_a323.445 / _bG88 |
||
| 100 |
_aGuevara, Victor J. _920584 |
||
| 245 | _aMundialización de la prensa / | ||
| 260 |
_aCuzco : _bGarcilaso, |
||
| 300 |
_a318 páginas ; _c24 cm. |
||
| 505 | _aContenido : La interdependencia de las naciones -- Papel de la prensa mundializada -- Gobiernos de fuerza, peligro mundial... | ||
| 650 |
_aIntervención de la OEA _942006 |
||
| 650 |
_aPeriodismo mundial. _931354 |
||
| 650 |
_aTerremoto de cuzco _942007 |
||
| 650 |
_aPeriodismo en el Perú. _917665 |
||
| 942 |
_2ddc _cLIBROS |
||
| 945 | _arcc | ||